000 00834nam a2200205 i 4500
001 000783902
003 AM-YeHGA
005 20250617144043.0
008 020227s1984 ru r 000 0 rus d
040 _aAM-YeHGA
041 0 _arus
100 1 _aЕгиазаров, Владимир Абрамович
245 1 0 _aСовершенствование законодательства о перевозке грузов в прямом смешанном сообщении /
_cВ. А. Егиазаров.
260 _aКазань :
_bИзд-во Казан. ун-та,
_c1984.
300 _a126 с. ;
_c20 см.
504 _aБиблиогр. в примеч.: с. 115-124
653 0 _aГрузовые перевозки - Правовые основы
653 0 _aДоговор перевозки
090 _c288300
999 _c286634
_d286634